| 000 | 00536nam a2200157 a 4500 | ||
|---|---|---|---|
| 001 | 000045586 | ||
| 005 | 20250221073755.0 | ||
| 008 | 150415s1998 dr 000 0 spa d | ||
| 040 |
_aDO-SdBNP _bspa _cBNPHU |
||
| 082 |
_axxxx _bxxxx |
||
| 100 | 1 |
_aPérez, Maritza Rossi de _964618 |
|
| 245 | 1 | 0 |
_aPor un sistema nacional de información : _bdiscurso y propuestas / _cMaritza Rossi de Pérez. |
| 260 |
_aSanto Domingo : _bONE, _c1998. |
||
| 300 |
_a65 p. ; _c21 cm. |
||
| 710 | 1 | 2 |
_aRepública Dominicana. _bOficina Nacional de Estadística _95775 |
| 999 |
_c45075 _d45075 |
||